| 000 | 00384cam a2200157ua 4500 | ||
|---|---|---|---|
| 041 |
_aeng _h |
||
| 082 |
_a581 _bVEN/PR |
||
| 100 | _aVenkataraman, G . | ||
| 245 |
_aPre university botany / _cG Venkataraman. _hTextual Documents |
||
| 260 |
_aChennai : _bS.Viswanathan , _c1963. |
||
| 300 | _a195 ; . | ||
| 504 | _a | ||
| 700 | 1 | _aRao, K N . | |
| 942 | _cBK | ||
| 999 |
_c11302 _d11302 |
||